[Event "Mauricie op"]
[Site "Trois-Rivieres CAN"]
[Date "2006.03.18"]
[Round "3"]
[White "Le Duin, Thierry"]
[Black "Lawson, Eric"]
[Result "0-1"]
[WhiteElo "2122"]
[BlackElo "2404"]
[PlyCount "70"]
[EventDate "2006.03.17"]
[EventType "swiss"]
[EventRounds "5"]
[EventCountry "CAN"]

1. d4 Nf6 2. Bg5 Ne4 3. Bf4 c5 4. f3 Qa5+ 5. c3 Nf6 6. e3 Nd5 7. Bxb8 Rxb8 8.
Qd2 cxd4 9. exd4 e6 10. Bd3 Bd6 11. Ne2 Qc7 12. g3 b6 13. O-O f5 14. Qg5 O-O
15. Kf2 Rf6 16. Rh1 Bb7 17. Qc1 e5 18. Bc2 e4 19. Bb3 Kh8 20. Bxd5 Bxd5 21.
fxe4 fxe4+ 22. Ke1 Rbf8 23. Rg1 e3 24. b3 b5 25. Na3 Bxa3 26. Qxa3 d6 27. Rc1
g5 28. c4 Qf7 29. Kd1 Be4 30. Re1 Rf1 31. Qb4 Bd3 32. d5 Qf2 33. Qc3+ Kg8 34.
Nd4 Rxe1+ 35. Qxe1 Qxe1+ 0-1

[Event "Mauricie op"]
[Site "Trois-Rivieres CAN"]
[Date "2006.03.19"]
[Round "4"]
[White "Lawson, Eric"]
[Black "Chabot, Roland"]
[Result "1-0"]
[WhiteElo "2404"]
[BlackElo "2271"]
[PlyCount "81"]
[EventDate "2006.03.17"]
[EventType "swiss"]
[EventRounds "5"]
[EventCountry "CAN"]

1. e4 c5 2. Nf3 d6 3. d4 cxd4 4. Nxd4 Nf6 5. Nc3 a6 6. Bg5 e6 7. Qe2 Be7 8. f4
h6 9. Bh4 Nxe4 10. Bxe7 Nxc3 11. Qc4 Kxe7 12. Qxc3 Re8 13. O-O-O Kf8 14. Be2
Kg8 15. Kb1 Qb6 16. g4 e5 17. Nf5 Bxf5 18. gxf5 Nd7 19. Rhg1 d5 20. Rg2 Rac8
21. Qg3 Qf6 22. Rxd5 exf4 23. Qxf4 Nc5 24. a3 Re4 25. Qd6 Qxd6 26. Rxd6 Rf4 27.
Rd5 b5 28. Ka2 Na4 29. c3 Kf8 30. Bg4 Re8 31. Bd1 Re1 32. Bxa4 Rxa4 33. b4 Ke7
34. Rc5 Re3 35. Kb3 Kf6 36. Rc6+ Kxf5 37. Rxg7 Re7 38. Rxh6 Rc7 39. Rb6 Ke4 40.
Rf6 Kd3 41. Rf3+ 1-0

[Event "Mauricie op"]
[Site "Trois-Rivieres CAN"]
[Date "2006.03.19"]
[Round "5"]
[White "Djerkovic, Miladin"]
[Black "Lawson, Eric"]
[Result "1-0"]
[WhiteElo "2261"]
[BlackElo "2404"]
[PlyCount "89"]
[EventDate "2006.03.17"]
[EventType "swiss"]
[EventRounds "5"]
[EventCountry "CAN"]

1. Nf3 Nf6 2. c4 c5 3. Nc3 e6 4. g3 b6 5. Bg2 Bb7 6. O-O a6 7. Re1 d6 8. d4
cxd4 9. Qxd4 Be7 10. e4 Nc6 11. Qd2 Qc7 12. b3 O-O 13. Bb2 Nd7 14. Red1 Rad8
15. Rac1 Qb8 16. h3 Rfe8 17. Qe2 Bf8 18. Nh2 Qa8 19. Nf1 Nc5 20. Ne3 Ne5 21.
Qc2 Rc8 22. f4 Nc6 23. Qe2 b5 24. Ng4 b4 25. Nh6+ gxh6 26. Qg4+ Kh8 27. Nd5+ e5
28. Nf6 Bg7 29. Qf5 Bxf6 30. Qxf6+ Kg8 31. f5 Rcd8 32. Qxh6 f6 33. Qxf6 Rf8 34.
Qg5+ Kh8 35. Qh6 Qb8 36. Rc2 Ba8 37. Rcd2 Nb7 38. c5 Qa7 39. Kh2 Qxc5 40. Rc1
Qb6 41. Rxd6 Qf2 42. Rd7 Qxg3+ 43. Kxg3 Rg8+ 44. Kh2 Rxd7 45. Rxc6 1-0

[Event "Benefice Myriam Roy"]
[Site "Varennes CAN"]
[Date "2005.12.02"]
[Round "1"]
[White "Trottier, Alain"]
[Black "Lawson, Eric"]
[Result "0-1"]
[WhiteElo "1940"]
[BlackElo "2411"]
[PlyCount "52"]
[EventDate "2005.12.02"]
[EventType "swiss"]
[EventRounds "5"]
[EventCountry "CAN"]

1. Nf3 Nf6 2. g3 b6 3. Bg2 Bb7 4. c4 c5 5. O-O e6 6. Nc3 a6 7. e3 d5 8. cxd5
exd5 9. d4 c4 10. Re1 Be7 11. Ne5 b5 12. a3 O-O 13. Bd2 Nbd7 14. h3 Qc7 15. f4
Ne4 16. Nxd7 Qxd7 17. Nxe4 dxe4 18. Bb4 a5 19. Bxe7 Qxe7 20. Qh5 f5 21. Rec1
Bd5 22. h4 Ra6 23. Kf2 Rc6 24. Bf1 Qe6 25. Bh3 b4 26. axb4 axb4 0-1

[Event "Benefice Myriam Roy"]
[Site "Varennes CAN"]
[Date "2005.12.03"]
[Round "2"]
[White "Lawson, Eric"]
[Black "Le Duin, Thierry"]
[Result "1-0"]
[WhiteElo "2411"]
[BlackElo "2157"]
[PlyCount "59"]
[EventDate "2005.12.02"]
[EventType "swiss"]
[EventRounds "5"]
[EventCountry "CAN"]

1. d4 Nf6 2. Bg5 Ne4 3. Bf4 d6 4. f3 Nf6 5. e4 g6 6. Nc3 Bg7 7. Qd2 h5 8. h4 a6
9. O-O-O Nc6 10. e5 Ng8 11. Qe3 d5 12. Kb1 Nh6 13. Nge2 Nf5 14. Qf2 Be6 15. g4
hxg4 16. fxg4 Nh6 17. Bxh6 Bxh6 18. Qg3 Bc8 19. g5 Bg7 20. Nf4 e6 21. Bg2 Ne7
22. Qg4 Nf5 23. Rde1 c6 24. h5 gxh5 25. Nxh5 Kd7 26. Nxg7 Nxg7 27. g6 Rxh1 28.
Rxh1 f5 29. exf6 Qxf6 30. Rf1 1-0

[Event "Benefice Myriam Roy"]
[Site "Varennes CAN"]
[Date "2005.12.04"]
[Round "4"]
[White "Bolduc, Steve"]
[Black "Lawson, Eric"]
[Result "1-0"]
[WhiteElo "2274"]
[BlackElo "2411"]
[PlyCount "95"]
[EventDate "2005.12.02"]
[EventType "swiss"]
[EventRounds "5"]
[EventCountry "CAN"]

1. d4 Nf6 2. c4 e6 3. Nc3 c5 4. d5 exd5 5. cxd5 d6 6. e4 g6 7. h3 Bg7 8. Nf3
O-O 9. Bd3 Nbd7 10. O-O Nh5 11. Bg5 Bf6 12. Bh6 Re8 13. Qd2 Ne5 14. Nxe5 Bxe5
15. Bg5 Bf6 16. Be3 a6 17. g4 Ng7 18. a4 Bxc3 19. bxc3 Qh4 20. f3 Qxh3 21. Qg2
Qxg2+ 22. Kxg2 h5 23. g5 Rd8 24. Bf4 h4 25. Rfb1 Nh5 26. Bh2 Ng3 27. Rb6 Kg7
28. Bxg3 hxg3 29. Rh1 Bd7 30. a5 c4 31. Bc2 Rh8 32. Rh6 Rxh6 33. gxh6+ Kxh6 34.
Rxd6 Bb5 35. Rb6 Kg7 36. Kxg3 Rh8 37. Rxb7 Rh1 38. e5 Rc1 39. Be4 Kf8 40. d6
Rd1 41. Kf4 f6 42. exf6 Rxd6 43. Ke5 Rd8 44. Bxg6 Bd7 45. Rc7 Kg8 46. Rxc4 Be8
47. Bxe8 Rxe8+ 48. Kf5 1-0

[Event "St-Hyacinthe op"]
[Site "St-Hyacinthe CAN"]
[Date "2005.11.20"]
[Round "5"]
[White "Lawson, Eric"]
[Black "Bolduc, Steve"]
[Result "1-0"]
[WhiteElo "2399"]
[BlackElo "2269"]
[PlyCount "85"]
[EventDate "2005.11.18"]
[EventType "swiss"]
[EventRounds "5"]
[EventCountry "CAN"]

1. d4 Nf6 2. Bg5 Ne4 3. Bf4 c5 4. f3 Qa5+ 5. c3 Nf6 6. Nd2 cxd4 7. Nb3 Qb6 8.
Qxd4 Nc6 9. Qxb6 axb6 10. Nd4 e5 11. Nxc6 exf4 12. Nd4 d5 13. e3 fxe3 14. Ke2
Bd6 15. Kxe3 O-O 16. Bb5 Bd7 17. Nge2 Bc5 18. Bd3 Ne8 19. Kd2 Nc7 20. Rhe1 g6
21. g3 Rfe8 22. Nc2 Bf8 23. Ned4 Bh6+ 24. Kd1 Rxe1+ 25. Kxe1 Ne6 26. Bb5 Be8
27. Kf1 Nc5 28. Nb4 Nb3 29. Re1 Nxd4 30. Rxe8+ Rxe8 31. Bxe8 Nxf3 32. Ke2 Nxh2
33. Bd7 Kf8 34. Nxd5 f5 35. Bc8 Ng4 36. Bxb7 Ne5 37. Nxb6 f4 38. gxf4 Bxf4 39.
a4 Bh2 40. a5 Bg1 41. Nc8 Nc4 42. b4 Na3 43. Bc6 1-0

[Event "Coupe Montreal A"]
[Site "Montreal CAN"]
[Date "2005.10.19"]
[Round "1"]
[White "Lawson, Eric"]
[Black "Bolduc, Steve"]
[Result "1-0"]
[WhiteElo "2390"]
[BlackElo "2220"]
[PlyCount "63"]
[EventDate "2005.10.19"]
[EventType "tourn"]
[EventRounds "5"]
[EventCountry "CAN"]

1. e4 c5 2. Nf3 d6 3. d4 cxd4 4. Nxd4 Nf6 5. Nc3 a6 6. Bg5 e6 7. Qe2 Bd7 8. f4
Nc6 9. O-O-O Nxd4 10. Rxd4 Qb6 11. Rd3 Bc6 12. Nd5 Nxd5 13. exd5 Bb5 14. Rb3
Bxe2 15. Rxb6 Bxf1 16. Rxf1 Rb8 17. Rf3 Kd7 18. Rfb3 Kc8 19. Bh4 exd5 20. a4 h6
21. Bf2 h5 22. R6b4 d4 23. Rxd4 Rh6 24. Rc4+ Kd7 25. Bb6 d5 26. Rc7+ Ke8 27.
Ba7 Rd8 28. Rbxb7 Rf6 29. g3 h4 30. Bd4 Rf5 31. Rc3 Rd7 32. Rc8+ 1-0

[Event "Coupe Montreal A"]
[Site "Montreal CAN"]
[Date "2005.10.26"]
[Round "2"]
[White "Lawson, Eric"]
[Black "Masse, Hugues"]
[Result "1-0"]
[WhiteElo "2390"]
[BlackElo "2214"]
[PlyCount "61"]
[EventDate "2005.10.19"]
[EventType "tourn"]
[EventRounds "5"]
[EventCountry "CAN"]

1. d4 Nf6 2. c4 g6 3. f3 d5 4. cxd5 Nxd5 5. e4 Nb6 6. Nc3 Bg7 7. Be3 O-O 8. Qd2
Nc6 9. O-O-O e5 10. d5 Nd4 11. f4 Bg4 12. Re1 c5 13. fxe5 Bxe5 14. h3 Qh4 15.
Kb1 f5 16. Bg5 Qh5 17. Bd3 f4 18. Be7 Rfc8 19. d6 Be6 20. Nb5 a6 21. Nxd4 Bxd4
22. Qxf4 c4 23. Nf3 Bxb2 24. Ng5 cxd3 25. g4 Rc2 26. gxh5 Na4 27. Bf6 Bc3 28.
Nxe6 Rc8 29. d7 Rb2+ 30. Ka1 Rf8 31. Bxc3 1-0

[Event "Coupe Montreal A"]
[Site "Montreal CAN"]
[Date "2005.11.03"]
[Round "3"]
[White "McDonough, Jonathan"]
[Black "Lawson, Eric"]
[Result "0-1"]
[WhiteElo "2218"]
[BlackElo "2390"]
[PlyCount "64"]
[EventDate "2005.10.19"]
[EventType "tourn"]
[EventRounds "5"]
[EventCountry "CAN"]

1. d4 Nf6 2. c4 e6 3. Nc3 Bb4 4. e3 O-O 5. Bd3 d5 6. Nge2 Nbd7 7. O-O dxc4 8.
Bxc4 Be7 9. a3 c5 10. Qd3 a6 11. Rd1 b5 12. Ba2 Bb7 13. Ng3 Qb6 14. Qf1 Rfd8
15. Nce2 Rac8 16. Bd2 h5 17. dxc5 Nxc5 18. Nd4 h4 19. Nge2 Ng4 20. h3 Ne5 21.
Nf4 Ne4 22. Rac1 g5 23. Rxc8 Rxc8 24. Nfxe6 fxe6 25. Bxe6+ Kh7 26. Qe2 Kg6 27.
Bf5+ Kh6 28. Bxc8 Bxc8 29. Bc1 Qg6 30. Qe1 g4 31. hxg4 Bxg4 32. f3 Nxf3+ 0-1

[Event "Coupe Montreal A"]
[Site "Montreal CAN"]
[Date "2005.11.17"]
[Round "5"]
[White "Saint-Pierre, Benoit"]
[Black "Lawson, Eric"]
[Result "1/2-1/2"]
[WhiteElo "2268"]
[BlackElo "2390"]
[PlyCount "85"]
[EventDate "2005.10.19"]
[EventType "tourn"]
[EventRounds "5"]
[EventCountry "CAN"]

1. e4 c5 2. Nf3 Nc6 3. d4 cxd4 4. Nxd4 Nf6 5. Nc3 e5 6. Ndb5 d6 7. Bg5 a6 8.
Na3 b5 9. Nd5 Be7 10. Bxf6 Bxf6 11. c3 Ne7 12. Nc2 Nxd5 13. Qxd5 Rb8 14. Nb4
Bb7 15. Qd3 O-O 16. Be2 Bg5 17. O-O a5 18. Nd5 Ba8 19. Bf3 Qd7 20. a3 Bd8 21.
Rad1 Bb6 22. Rd2 Rfd8 23. Bd1 Kh8 24. Kh1 Ba7 25. Bb3 Qg4 26. Qe2 Qe6 27. Rd3
f5 28. Rh3 f4 29. Qh5 h6 30. Nxf4 Qxb3 31. Ng6+ Kg8 32. Ne7+ Kf8 33. Ng6+ Kg8
34. Ne7+ Kf8 35. Ng6+ Ke8 36. c4 Qxh3 37. Qxh3 Kf7 38. Qf5+ Kg8 39. Ne7+ Kh8
40. Ng6+ Kg8 41. Ne7+ Kh8 42. Ng6+ Kg8 43. Ne7+ 1/2-1/2

[Event "Quebec-ch classe 2000+"]
[Site "Montreal CAN"]
[Date "2005.10.08"]
[Round "1"]
[White "Forget, David"]
[Black "Lawson, Eric"]
[Result "0-1"]
[WhiteElo "2047"]
[BlackElo "2387"]
[PlyCount "66"]
[EventDate "2005.10.10"]
[EventType "swiss"]
[EventRounds "5"]
[EventCountry "CAN"]

1. d4 Nf6 2. c4 c5 3. d5 e6 4. Nc3 exd5 5. cxd5 d6 6. Nf3 g6 7. Bf4 Bg7 8. Qa4+
Bd7 9. Qb3 Qc7 10. e4 O-O 11. Nd2 Re8 12. Be2 b5 13. Bxb5 Nxe4 14. Ncxe4 f5 15.
O-O fxe4 16. Rfe1 Bxb5 17. Qxb5 Nd7 18. Rxe4 Rxe4 19. Nxe4 Ne5 20. Ng5 Rb8 21.
Qa4 Qb7 22. Qb3 Qc8 23. Qa4 Rb4 24. Qxa7 Rxf4 25. Qe7 Qd7 26. Qe6+ Qxe6 27.
dxe6 Bf6 28. Nh3 Rb4 29. f4 Nc6 30. g4 Rxb2 31. f5 Rb4 32. Rd1 Rxg4+ 33. Kh1
Rd4 0-1

[Event "Quebec-ch classe 2000+"]
[Site "Montreal CAN"]
[Date "2005.10.08"]
[Round "2"]
[White "Lawson, Eric"]
[Black "Clark, Stephen"]
[Result "1-0"]
[WhiteElo "2387"]
[BlackElo "2138"]
[PlyCount "47"]
[EventDate "2005.10.10"]
[EventType "swiss"]
[EventRounds "5"]
[EventCountry "CAN"]

1. e4 d5 2. exd5 Nf6 3. c4 e6 4. d4 exd5 5. Nc3 c6 6. Bd3 Be7 7. Nge2 Nbd7 8.
Bf4 Nf8 9. c5 Bg4 10. h3 Bh5 11. b4 Ne6 12. Be3 Bg6 13. Ng3 Bxd3 14. Qxd3 g6
15. O-O O-O 16. f4 Ng7 17. f5 Qd7 18. Rf3 Nfh5 19. Nxh5 Nxh5 20. Bh6 Rfe8 21.
Raf1 Qd8 22. Qd2 Bf8 23. Bxf8 Rxf8 24. f6 1-0

[Event "Quebec-ch classe 2000+"]
[Site "Montreal CAN"]
[Date "2005.10.09"]
[Round "3"]
[White "Malek, Omid"]
[Black "Lawson, Eric"]
[Result "0-1"]
[WhiteElo "2144"]
[BlackElo "2387"]
[PlyCount "78"]
[EventDate "2005.10.10"]
[EventType "swiss"]
[EventRounds "5"]
[EventCountry "CAN"]

1. e4 c5 2. Nf3 Nc6 3. Nc3 e5 4. Bc4 d6 5. d3 Be7 6. O-O Nf6 7. Ng5 O-O 8. f4
Bg4 9. Qd2 exf4 10. h3 Bd7 11. Qxf4 Nd4 12. Qd2 b5 13. Bxf7+ Rxf7 14. Nxf7 Kxf7
15. Nd5 Kg8 16. Nxe7+ Qxe7 17. c3 Nc6 18. Qe2 h6 19. Bf4 Re8 20. Rae1 Be6 21.
b3 Bf7 22. c4 bxc4 23. bxc4 Nd7 24. Qf2 Nde5 25. Re3 Rb8 26. Rg3 Kh7 27. Bc1
Bg6 28. Re3 Rb1 29. Qc2 Qb7 30. g4 Nd4 31. Qg2 Ra1 32. h4 h5 33. g5 Qb1 34. Qh3
Qc2 35. Ree1 Rxc1 36. Rxc1 Ne2+ 37. Kh1 Nxc1 38. Qe6 Ng4 39. Qxd6 Bxe4+ 0-1

[Event "Quebec-ch"]
[Site "Montreal CAN"]
[Date "2005.09.16"]
[Round "1"]
[White "Lawson, Eric"]
[Black "Laptos, Kris"]
[Result "1/2-1/2"]
[WhiteElo "2387"]
[BlackElo "2279"]
[PlyCount "79"]
[EventDate "2005.09.25"]
[EventType "tourn"]
[EventRounds "9"]
[EventCountry "CAN"]

1. e4 e6 2. d4 d5 3. Nd2 dxe4 4. Nxe4 Bd7 5. Nf3 Bc6 6. Bd3 Nd7 7. O-O Ngf6 8.
Ned2 Be7 9. b3 O-O 10. Bb2 a5 11. c4 a4 12. Qc2 h6 13. Rfe1 Bb4 14. Bc3 axb3
15. axb3 Bxc3 16. Qxc3 Rxa1 17. Rxa1 Qb8 18. Ne5 Nxe5 19. dxe5 Nd7 20. Bc2 Rd8
21. Nf1 b5 22. Ng3 Qb7 23. Qd3 g6 24. Qe3 Qb6 25. Qxh6 Nxe5 26. Qg5 Qd4 27. Rd1
Qxd1+ 28. Bxd1 Rxd1+ 29. Nf1 bxc4 30. Qxe5 c3 31. Qxc3 Bb5 32. h4 Rxf1+ 33. Kh2
c6 34. Qf6 Rd1 35. g4 Rd5 36. Qb2 Rd3 37. Qf6 Rd5 38. Qf3 Rd3 39. Qf4 Rd5 40.
Qf3 1/2-1/2

[Event "Quebec-ch"]
[Site "Montreal CAN"]
[Date "2005.09.17"]
[Round "2"]
[White "Robidas, Francois"]
[Black "Lawson, Eric"]
[Result "0-1"]
[WhiteElo "2045"]
[BlackElo "2387"]
[PlyCount "134"]
[EventDate "2005.09.25"]
[EventType "tourn"]
[EventRounds "9"]
[EventCountry "CAN"]

1. e4 c5 2. c3 Nf6 3. e5 Nd5 4. Nf3 e6 5. Bc4 d6 6. O-O Nb6 7. Bb3 Nc6 8. d4
cxd4 9. cxd4 dxe5 10. dxe5 Qxd1 11. Rxd1 Na5 12. Bc2 Bd7 13. Nc3 Rc8 14. Be4
Bb4 15. Ne2 Bc6 16. Bxc6+ Nxc6 17. Ned4 Nxd4 18. Rxd4 Nd5 19. Bd2 Bxd2 20. Rxd2
Ke7 21. g3 Rc5 22. Rad1 Rhc8 23. Kg2 h6 24. h4 Nb6 25. Rd4 Ra5 26. a3 Rb5 27.
b4 Rd5 28. Rxd5 Nxd5 29. Rd3 b5 30. Nd4 a6 31. Nb3 Rc2 32. Nd4 Rc4 33. f4 Kd7
34. Nb3 Kc7 35. Kf3 Rc2 36. Nd4 Ra2 37. f5 Kd7 38. fxe6+ fxe6 39. Nf5 exf5 40.
Rxd5+ Ke7 41. Rd3 Ke6 42. Kf4 Rf2+ 43. Ke3 Rc2 44. Rd6+ Kxe5 45. Rxa6 Rc3+ 46.
Kf2 g5 47. hxg5 hxg5 48. Ra5 Ke4 49. Rxb5 Rxa3 50. Rc5 Ra2+ 51. Kf1 Rb2 52.
Rc4+ Kf3 53. Rc3+ Kg4 54. Rd3 Rxb4 55. Rc3 Rb2 56. Rd3 Rh2 57. Rd5 Kxg3 58.
Rxf5 Rh1+ 59. Ke2 g4 60. Rd5 Kg2 61. Rg5 g3 62. Rg8 Rh7 63. Rg6 Re7+ 64. Kd2
Kf2 65. Rf6+ Kg1 66. Rg6 g2 67. Rg8 Rh7 0-1

[Event "Quebec-ch"]
[Site "Montreal CAN"]
[Date "2005.09.18"]
[Round "3"]
[White "Lawson, Eric"]
[Black "Khassanov, Marat"]
[Result "1/2-1/2"]
[WhiteElo "2387"]
[BlackElo "2284"]
[PlyCount "109"]
[EventDate "2005.09.25"]
[EventType "tourn"]
[EventRounds "9"]
[EventCountry "CAN"]

1. e4 c5 2. Nf3 d6 3. d4 cxd4 4. Nxd4 Nf6 5. Nc3 g6 6. Be3 Bg7 7. f3 O-O 8. Qd2
Nc6 9. O-O-O Bd7 10. g4 h5 11. gxh5 Nxh5 12. Rg1 Kh7 13. Be2 Rc8 14. Kb1 Ne5
15. Nd5 Nc4 16. Bxc4 Rxc4 17. b3 Rc8 18. Nf5 Bxf5 19. exf5 e6 20. Bg5 Nf6 21.
Bxf6 Bxf6 22. fxg6+ fxg6 23. Qd3 Qe8 24. Rde1 Bg7 25. Rg4 Rf5 26. Nf4 Rc3 27.
Qxd6 Rxf3 28. Nxe6 Re3 29. Rgg1 Be5 30. Qd5 Rxe1+ 31. Rxe1 Qc6 32. Qxc6 bxc6
33. h3 Bc3 34. Rd1 Kh6 35. a3 Rf3 36. Rh1 Kh5 37. b4 a5 38. bxa5 Bxa5 39. Kb2
Bc3+ 40. Ka2 Be5 41. a4 Re3 42. Nc5 Rc3 43. Nd3 Rxc2+ 44. Kb1 Rh2 45. Rxh2 Bxh2
46. a5 g5 47. a6 Bc7 48. Ne5 Bb6 49. Nf3 g4 50. hxg4+ Kxg4 51. Ne5+ Kf5 52.
Nxc6 Ke6 53. Na5 Kd5 54. Kc2 Kc5 55. Nb3+ 1/2-1/2

[Event "Quebec-ch"]
[Site "Montreal CAN"]
[Date "2005.09.19"]
[Round "4"]
[White "Chabot, Roland"]
[Black "Lawson, Eric"]
[Result "0-1"]
[WhiteElo "2284"]
[BlackElo "2387"]
[PlyCount "76"]
[EventDate "2005.09.25"]
[EventType "tourn"]
[EventRounds "9"]
[EventCountry "CAN"]

1. d4 Nf6 2. Nf3 c5 3. e3 d5 4. c3 e6 5. Bd3 Nc6 6. Nbd2 Qc7 7. O-O Bd6 8. Qe2
a6 9. e4 cxd4 10. cxd4 dxe4 11. Nxe4 Nd5 12. Bd2 Bf4 13. Rac1 Bxd2 14. Qxd2 Qf4
15. Qe2 O-O 16. Rfd1 Ncb4 17. Bb1 Bd7 18. Neg5 Bb5 19. Qe1 h6 20. g3 Qf6 21.
Qe4 Qg6 22. Qe1 Qh5 23. h4 hxg5 24. Nxg5 Qe2 25. Qxe2 Bxe2 26. Rd2 Bb5 27. Re1
Nf6 28. a3 Nbd5 29. Nf3 Rac8 30. Ne5 Nd7 31. Nf3 Rc7 32. Kh2 Rfc8 33. Rdd1 Ba4
34. Rd2 Rc1 35. Rxc1 Rxc1 36. Bd3 Rd1 37. Rxd1 Bxd1 38. Nd2 Nb8 0-1

[Event "Quebec-ch"]
[Site "Montreal CAN"]
[Date "2005.09.20"]
[Round "5"]
[White "Lawson, Eric"]
[Black "Malek, Omid"]
[Result "1-0"]
[WhiteElo "2387"]
[BlackElo "2165"]
[PlyCount "95"]
[EventDate "2005.09.25"]
[EventType "tourn"]
[EventRounds "9"]
[EventCountry "CAN"]

1. e4 c5 2. Nf3 e6 3. d4 cxd4 4. Nxd4 Nc6 5. Nb5 d6 6. c4 a6 7. N5c3 Nf6 8. Na3
Be7 9. Be2 O-O 10. O-O b6 11. Be3 Bb7 12. Qb3 Nd7 13. Rfd1 Qc7 14. Qc2 Rac8 15.
Qd2 Rfd8 16. Rac1 Qb8 17. f3 Nce5 18. Bf1 Kh8 19. Qf2 Bc6 20. Nc2 Rg8 21. Bd4
b5 22. cxb5 Bxb5 23. Nxb5 axb5 24. Na3 b4 25. Nc4 Nxc4 26. Bxc4 Ne5 27. Ba6 Rc6
28. Rxc6 Nxc6 29. Be3 Qa8 30. Qe2 Nb8 31. Bc4 Rc8 32. g3 Qa5 33. Kg2 Nd7 34.
Bf4 Ne5 35. Bb3 Rc6 36. Bd2 Qb6 37. f4 Nd7 38. Be3 Qa5 39. f5 Nc5 40. Qc4 Qa6
41. Qxa6 Rxa6 42. Bxc5 dxc5 43. Rd7 Bf8 44. Rxf7 Ra8 45. fxe6 Bd6 46. Rd7 Be5
47. e7 Bf6 48. Bf7 1-0

[Event "Quebec-ch"]
[Site "Montreal CAN"]
[Date "2005.09.22"]
[Round "6"]
[White "Lawson, Eric"]
[Black "Voskanyan, Vahagn"]
[Result "0-1"]
[WhiteElo "2387"]
[BlackElo "2320"]
[PlyCount "142"]
[EventDate "2005.09.25"]
[EventType "tourn"]
[EventRounds "9"]
[EventCountry "CAN"]

1. d4 Nf6 2. Bg5 d5 3. Bxf6 exf6 4. e3 Bd6 5. g3 c6 6. Bg2 Bf5 7. Ne2 O-O 8.
O-O Na6 9. a3 Re8 10. Nd2 Qd7 11. c4 dxc4 12. Nxc4 Bf8 13. Nc3 Bh3 14. b4 Nc7
15. Bxh3 Qxh3 16. Qf3 Qe6 17. Na5 Rab8 18. Rfc1 f5 19. Rab1 g6 20. Rc2 Qd7 21.
a4 Ne6 22. h4 Be7 23. Qd1 Red8 24. Nc4 Nc7 25. Qf3 Qe6 26. Nd2 Qd5 27. Qxd5
Nxd5 28. Nf3 Rbc8 29. Na2 Rc7 30. Ne5 Bd6 31. Nd3 Ra8 32. Nc3 Nf6 33. Ne2 h5
34. b5 cxb5 35. Rxc7 Bxc7 36. Rxb5 b6 37. Rb2 Bd6 38. Rc2 Kf8 39. Rc4 Ke7 40.
Nc3 Rb8 41. Nb5 a6 42. Nxd6 Kxd6 43. Ne5 Rb7 44. Rc6+ Ke7 45. Nc4 Nd5 46. a5 b5
47. Nd6 Nb4 48. Nxb7 Nxc6 49. Kf1 Ke6 50. Ke2 Kd5 51. Kd3 f6 52. f3 Nb4+ 53.
Kc3 Nc6 54. Nc5 b4+ 55. Kb3 Nxa5+ 56. Kxb4 Nc4 57. Nxa6 Nxe3 58. Kc3 Nf1 59.
Nb4+ Kd6 60. Nd3 Nxg3 61. Nf4 g5 62. Ng2 f4 63. Kd3 Kd5 64. Ne1 Nf5 65. hxg5
fxg5 66. Ke2 Nxd4+ 67. Kf2 Kc4 68. Kf1 Kc3 69. Kf2 Kd2 70. Ng2 Nf5 71. Kg1 Ne3
0-1

[Event "Quebec-ch"]
[Site "Montreal CAN"]
[Date "2005.09.24"]
[Round "8"]
[White "Lawson, Eric"]
[Black "Barbeau, Sylvain"]
[Result "1/2-1/2"]
[WhiteElo "2387"]
[BlackElo "2435"]
[PlyCount "72"]
[EventDate "2005.09.25"]
[EventType "tourn"]
[EventRounds "9"]
[EventCountry "CAN"]

1. d4 e6 2. c4 d5 3. Nc3 c5 4. cxd5 exd5 5. Nf3 Nc6 6. g3 Nf6 7. Bg2 Be7 8. O-O
O-O 9. b3 Ne4 10. Bb2 Bf6 11. Na4 b6 12. dxc5 Bxb2 13. Nxb2 bxc5 14. Rc1 Ba6
15. Na4 Re8 16. Re1 c4 17. Nd2 Qg5 18. f4 Qf6 19. Nxe4 dxe4 20. bxc4 Rad8 21.
Qb3 Nd4 22. Qa3 Bb7 23. Nc5 Ba6 24. Nb3 Nf5 25. Na5 Bc8 26. c5 h5 27. c6 h4 28.
Rc5 hxg3 29. hxg3 e3 30. c7 Qg6 31. cxd8=Q Rxd8 32. Nc6 Qxg3 33. Qa5 Qf2+ 34.
Kh1 Qh4+ 35. Kg1 Qf2+ 36. Kh1 Qh4+ 1/2-1/2

[Event "Quebec-ch"]
[Site "Montreal CAN"]
[Date "2005.09.25"]
[Round "9"]
[White "Bolduc, Steve"]
[Black "Lawson, Eric"]
[Result "0-1"]
[WhiteElo "2206"]
[BlackElo "2387"]
[PlyCount "54"]
[EventDate "2005.09.25"]
[EventType "tourn"]
[EventRounds "9"]
[EventCountry "CAN"]

1. d4 Nf6 2. c4 e6 3. Nc3 c5 4. d5 exd5 5. cxd5 d6 6. e4 g6 7. Nf3 a6 8. a4 Bg4
9. Be2 Bxf3 10. Bxf3 Bg7 11. O-O O-O 12. Bf4 Qe7 13. Rb1 Nbd7 14. b4 cxb4 15.
Rxb4 Rac8 16. Ne2 Nc5 17. Rb6 Nfxe4 18. Bxe4 Nxe4 19. Ng3 Qc7 20. a5 Nc3 21.
Bxd6 Qxb6 22. axb6 Nxd1 23. Rxd1 a5 24. Bc7 a4 25. Ne2 Rce8 26. Nc1 Be5 27. d6
Bxd6 0-1

[Event "4 city match"]
[Site "Kingston CAN"]
[Date "2005.09.10"]
[Round "1"]
[White "O'Donnell, Tom"]
[Black "Lawson, Eric"]
[Result "1/2-1/2"]
[WhiteElo "2367"]
[BlackElo "2367"]
[PlyCount "67"]
[EventDate "2005.09.10"]
[EventType "team"]
[EventRounds "3"]
[EventCountry "CAN"]

1. e4 c5 2. c3 Nf6 3. e5 Nd5 4. d4 cxd4 5. Nf3 e6 6. cxd4 d6 7. a3 Bd7 8. Bd3
Bc6 9. O-O Nd7 10. Nbd2 dxe5 11. dxe5 Nc5 12. Bc2 Nf4 13. Nb3 Qxd1 14. Rxd1
Ne2+ 15. Kf1 Nxc1 16. Raxc1 Nxb3 17. Bxb3 Be7 18. Nd4 O-O 19. Nxc6 bxc6 20. Ba4
Bg5 21. Rxc6 Bf4 22. Re1 Rfc8 23. g3 Bd2 24. Rd1 Rxc6 25. Bxc6 Rd8 26. Ke2 Ba5
27. Rxd8+ Bxd8 28. Kd3 Bb6 29. f3 Bg1 30. h3 Bh2 31. g4 Bxe5 32. b4 Kf8 33. a4
Ke7 34. Kc4 1/2-1/2

[Event "4 city match"]
[Site "Kingston CAN"]
[Date "2005.09.10"]
[Round "2"]
[White "Lawson, Eric"]
[Black "Livshits, Ron"]
[Result "0-1"]
[WhiteElo "2367"]
[BlackElo "2369"]
[PlyCount "86"]
[EventDate "2005.09.10"]
[EventType "team"]
[EventRounds "3"]
[EventCountry "CAN"]

1. d4 d5 2. Bg5 h6 3. Bh4 c6 4. Nf3 Bf5 5. e3 Qb6 6. Qc1 Nd7 7. c4 e6 8. c5
Qa5+ 9. Qc3 Qxc3+ 10. Nxc3 e5 11. b4 exd4 12. exd4 a6 13. Be2 g5 14. Bg3 Bg7
15. O-O Ne7 16. Rfd1 O-O 17. a4 Rfe8 18. Ra3 Bg4 19. h3 Bh5 20. Bc7 Bxf3 21.
Bxf3 Nf5 22. Nxd5 cxd5 23. Bxd5 Nxd4 24. Bxb7 Ra7 25. c6 Nb8 26. Re3 Rxe3 27.
Bxb8 Rxb7 28. cxb7 Re8 29. Bc7 Nc6 30. Rc1 Nxb4 31. b8=Q Rxb8 32. Bxb8 Nd3 33.
a5 Nxc1 34. Bc7 Bc3 35. Kf1 Kf8 36. f4 Nb3 37. fxg5 hxg5 38. Ke2 Bxa5 39. Bd6+
Kg7 40. Kd3 Kg6 41. Ba3 Bb6 42. Ke4 Nd2+ 43. Kd5 Nf1 0-1

[Event "4 city match"]
[Site "Kingston CAN"]
[Date "2005.09.10"]
[Round "3"]
[White "Caire, Francois"]
[Black "Lawson, Eric"]
[Result "0-1"]
[WhiteElo "2248"]
[BlackElo "2367"]
[PlyCount "96"]
[EventDate "2005.09.10"]
[EventType "team"]
[EventRounds "3"]
[EventCountry "CAN"]

1. d4 Nf6 2. c4 c5 3. e3 g6 4. Nf3 Bg7 5. Nc3 O-O 6. Be2 b6 7. O-O d6 8. b3 Nc6
9. Bb2 Bf5 10. Qd2 a6 11. Rad1 Qc7 12. Nh4 Bd7 13. f4 cxd4 14. exd4 Qa7 15. Kh1
Bg4 16. d5 Bxe2 17. Qxe2 Na5 18. b4 Nb7 19. Ne4 a5 20. Nxf6+ exf6 21. b5 Rfe8
22. Qc2 f5 23. Bxg7 Kxg7 24. Nxf5+ gxf5 25. Qxf5 Rg8 26. Rde1 Nc5 27. Rf3 Kf8
28. Qf6 Rg6 29. Qh8+ Rg8 30. Qf6 Rg6 31. Qh8+ Rg8 32. Qxh7 f6 33. Qf5 Qf7 34.
Rh3 Qg6 35. Qxg6 Rxg6 36. Rh7 Rg7 37. Rh8+ Rg8 38. Rh7 Re8 39. Rxe8+ Kxe8 40.
Rc7 Na4 41. g3 Kd8 42. Ra7 Re8 43. Ra8+ Ke7 44. Rxe8+ Kxe8 45. h4 Nc3 46. Kg2
Nxa2 47. c5 bxc5 48. h5 Nb4 0-1